Chaudhvin ka chand / (Record no. 45752)

MARC details
000 -LEADER
fixed length control field 00897njm a22002657a 4500
005 - DATE AND TIME OF LATEST TRANSACTION
control field 20100914145943.0
006 - FIXED-LENGTH DATA ELEMENTS--ADDITIONAL MATERIAL CHARACTERISTICS--GENERAL INFORMATION
fixed length control field a|||||r|||||00| 0
007 - PHYSICAL DESCRIPTION FIXED FIELD--GENERAL INFORMATION
fixed length control field sd ammalaaahaa
008 - FIXED-LENGTH DATA ELEMENTS--GENERAL INFORMATION
fixed length control field 100910t xxu||||| |||| 00| 0 eng d
028 ## - PUBLISHER NUMBER
Publisher number 3AEX.5029
Source Odeon
035 ## - SYSTEM CONTROL NUMBER
System control number GR-02512
040 ## - CATALOGING SOURCE
Original cataloging agency SED/VEN
100 ## - MAIN ENTRY--PERSONAL NAME
9 (RLIN) 1184
Personal name Mohemed Rafi
245 ## - TITLE STATEMENT
Title Chaudhvin ka chand /
Medium Sound Recording
Statement of responsibility, etc by Mohemed Rafi, music by ;Ravi
260 ## - PUBLICATION, DISTRIBUTION, ETC. (IMPRINT)
Place of publication, distribution, etc Dum Dum, India
Name of publisher, distributor, etc Odeon
Date of publication, distribution, etc 1963
300 ## - PHYSICAL DESCRIPTION
Extent 1 sound disc : [Gramophone Record]
Other physical details analog, 33 1/3 rpm
Dimensions 12 in. (LP)
Type of unit Gramophone Records
500 ## - GENERAL NOTE
General note Brief record.
500 ## - GENERAL NOTE
General note Odeon
500 ## - GENERAL NOTE
General note Black
505 ## - FORMATTED CONTENTS NOTE
Formatted contents note Part1Chaudhvin ka chand Part 2 Nahin bhoolegi woh (Barsat ki rat)
650 ## - SUBJECT ADDED ENTRY--TOPICAL TERM
General subdivision Excerpts
Geographic subdivision India
9 (RLIN) 19370
Form subdivision Filmi song
700 ## - ADDED ENTRY--PERSONAL NAME
Personal name Ravi
9 (RLIN) 20029
942 ## - ADDED ENTRY ELEMENTS (KOHA)
Source of classification or shelving scheme Dewey Decimal Classification
Item type Gramaphone Records
Holdings
Withdrawn status Lost status Source of classification or shelving scheme Damaged status Not for loan Collection code Home library Current library Date acquired Source of acquisition Total Checkouts Barcode Date last seen Copy number Price effective from Koha item type
    Dewey Decimal Classification   Not For Loan Non-fiction Central Library Central Library 14/09/2010 SED/VEN   GR-2512 14/09/2010 1 14/09/2010 Gramaphone Records

© Delhi Public Library
Hit Counter
free hit counter